[Event "14th Israeli intl it"]
[Site "Netanya ISR"]
[Date "1977.05.23"]
[Round "1"]
[White "Boehm, Hans"]
[Black "Radashkovich, Itchak"]
[Result "1-0"]
[WhiteElo "2445"]
[BlackElo "2435"]
[EventDate "1977.05.20"]
[PlyCount "61"]
[Source "ChessBase"]

1.d4 d5 2.Nf3 Nf6 3.Bf4 g6 4.e3 Bg7 5.Nbd2 O-O 6.Bd3 c5 7.c3 Nc6 8.h3 Re8 
9.O-O Nd7 10.Bb5 Qb6 11.Qa4 e5 12.dxe5 c4 13.b4 cxb3 14.Nxb3 Ndxe5 15.Nxe5
Bxe5 16.Bxe5 Rxe5 17.Rac1 Be6 18.Rfd1 Rc8 19.Nd4 Bd7 20.Rb1 Qc7 21.Nxc6 
bxc6 22.Ba6 Rb8 23.Qf4 Bf5 24.Rxb8+ Qxb8 25.c4 Bc2 26.Rd2 Qb1+ 27.Kh2 Re4 
28.Qf6 Qxa2 29.cxd5 Qxa6 30.Rxc2 cxd5 31.Qxa6 1-0

[Event "14th Israeli intl it"]
[Site "Netanya ISR"]
[Date "1977.05.23"]
[Round "1"]
[White "Dzindzichashvili, Roman"]
[Black "Lederman, Leon"]
[Result "1/2-1/2"]
[WhiteElo "2535"]
[BlackElo "2415"]
[EventDate "1977.05.20"]
[PlyCount "106"]
[Source "ChessBase"]

1.d4 d5 2.c4 e6 3.Nf3 c6 4.e3 Nf6 5.Bd3 Nbd7 6.O-O Bd6 7.Nc3 O-O 8.e4 dxe4
9.Nxe4 Nxe4 10.Bxe4 e5 11.dxe5 Nxe5 12.Nxe5 Bxe5 13.Bxh7+ Kxh7 14.Qh5+ Kg8
15.Qxe5 Re8 16.Qf4 Qd3 17.Be3 Be6 18.b3 Red8 19.h4 Qf5 20.Rfd1 Qxf4 21.
Bxf4 b5 22.c5 Rd5 23.Rxd5 Bxd5 24.a4 Bxb3 25.axb5 cxb5 26.Ra5 a6 27.c6 Bd5
28.c7 Be6 29.Ra1 a5 30.Rd1 Rc8 31.Rd6 a4 32.Rd8+ Kh7 33.Bd6 Kg6 34.f3 Kh5 
35.g4+ Kg6 36.Kf2 b4 37.Rxc8 Bxc8 38.Bxb4 f5 39.Kg3 fxg4 40.fxg4 Kf6 41.
Bc3+ Kf7 42.Kf4 g6 43.Bb2 Ba6 44.Bc1 Bc8 45.Kg5 Kg7 46.Ba3 Kf7 47.Bb2 Bd7 
48.h5 gxh5 49.Kxh5 Bc8 50.g5 Be6 51.g6+ Ke8 52.g7 Kd7 53.Be5 a3 1/2-1/2

[Event "14th Israeli intl it"]
[Site "Netanya ISR"]
[Date "1977.05.23"]
[Round "1"]
[White "Kraidman, Yair"]
[Black "Keene, Raymond Dennis"]
[Result "1/2-1/2"]
[WhiteElo "2475"]
[BlackElo "2510"]
[EventDate "1977.05.20"]
[PlyCount "177"]
[Source "ChessBase"]

1.d4 e6 2.c4 b6 3.Nc3 Bb7 4.e4 Bb4 5.f3 f5 6.e5 Nh6 7.a3 Bxc3+ 8.bxc3 Nc6 
9.Nh3 Nf7 10.Nf4 Qh4+ 11.g3 Qe7 12.Be2 Ba6 13.Qa4 Na5 14.Be3 O-O 15.O-O 
Qe8 16.c5 Bxe2 17.Nxe2 d6 18.Qxe8 Rfxe8 19.exd6 cxd6 20.cxd6 Nxd6 21.Bf4 
Nf7 22.Rfe1 g5 23.Bc1 Nc4 24.h4 h6 25.Kf2 Kg7 26.Ra2 Re7 27.Ng1 Rae8 28.
Nh3 Kg6 29.Rae2 b5 30.Kg2 a5 31.Nf2 e5 32.hxg5 hxg5 33.g4 f4 34.Nd3 Kf6 
35.Nc5 exd4 36.Nd7+ Rxd7 37.Rxe8 d3 38.R8e6+ Kg7 39.Rd1 d2 40.Bxd2 Nb2 41.
Rb1 Rxd2+ 42.Kf1 Rh2 43.Kg1 Rc2 44.Kf1 Nc4 45.Rxb5 Rxc3 46.Kg2 Rxa3 47.Rb7
Rc3 48.Ra7 Rc2+ 49.Kf1 Ra2 50.Ree7 Nd6 51.Re6 Rd2 52.Rxa5 Nc4 53.Ra7 Rd6 
54.Ree7 Rf6 55.Kf2 Nd6 56.Re5 Kg6 57.Re1 Nh6 58.Re2 Ndf7 59.Re8 Rb6 60.Ra2
Kf6 61.Rae2 Rb7 62.R8e6+ Kg7 63.Ra2 Ng8 64.Ke2 Ne7 65.Raa6 Rd7 66.Rab6 Nd5
67.Rb3 Ra7 68.Kd3 Nf6 69.Reb6 Nd7 70.R6b5 Ra4 71.Ke2 Ra6 72.Rd5 Nde5 73.
Rd2 Rh6 74.Rd5 Rh2+ 75.Kf1 Rh3 76.Ke2 Kf6 77.Ra5 Nd6 78.Ra6 Ke6 79.Rbb6 
Rh2+ 80.Kd1 Nc4 81.Rb5 Ne5 82.Rbb6 Nc4 83.Rb5 Rf2 84.Rxg5 Rxf3 85.Rh5 Rg3 
86.Ke2 Kf7 87.Ra7+ Kg6 88.Ra6 f3+ 89.Kf2 1/2-1/2

[Event "14th Israeli intl it"]
[Site "Netanya ISR"]
[Date "1977.05.23"]
[Round "1"]
[White "Liberzon, Vladimir"]
[Black "Kagan, Shimon"]
[Result "1/2-1/2"]
[WhiteElo "2550"]
[BlackElo "2440"]
[EventDate "1977.05.20"]
[PlyCount "34"]
[Source "ChessBase"]

1.d4 g6 2.c4 Bg7 3.Nc3 d6 4.e4 e5 5.Nf3 Nc6 6.d5 Nce7 7.Be2 f5 8.exf5 Nxf5
9.O-O Nf6 10.Bg5 h6 11.Bxf6 Bxf6 12.Ne4 O-O 13.Rc1 b6 14.g3 a5 15.h4 Bg7 
16.Bd3 Ne7 17.Nh2 Bd7 1/2-1/2

[Event "14th Israeli intl it"]
[Site "Netanya ISR"]
[Date "1977.05.24"]
[Round "2"]
[White "Gheorghiu, Florin"]
[Black "Boehm, Hans"]
[Result "1/2-1/2"]
[WhiteElo "2545"]
[BlackElo "2445"]
[EventDate "1977.05.20"]
[PlyCount "78"]
[Source "ChessBase"]

1.e4 d6 2.d4 Nf6 3.Nc3 g6 4.Nf3 Bg7 5.Be2 O-O 6.O-O Nbd7 7.e5 Ne8 8.Bf4 
Nb6 9.h3 c6 10.Qd2 Be6 11.Rad1 f6 12.exf6 exf6 13.Rfe1 d5 14.Bd3 Qd7 15.
Qe3 Bf5 16.Bxf5 Qxf5 17.Qe6+ Qxe6 18.Rxe6 Rf7 19.Rde1 Nc7 20.R6e2 Bf8 21.
b3 Bb4 22.Bd2 Rff8 23.Kf1 Bd6 24.Nd1 Rae8 25.Nb2 Rxe2 26.Rxe2 Re8 27.Rxe8+
Nxe8 28.Nd3 Kf7 29.Ke2 Ng7 30.a4 Ne6 31.a5 Nc8 32.c4 Ne7 33.g3 f5 34.Bb4 
Bxb4 35.Nxb4 dxc4 36.bxc4 c5 37.dxc5 Nxc5 38.Nd4 Nc8 39.Nd3 Nd7 1/2-1/2

[Event "14th Israeli intl it"]
[Site "Netanya ISR"]
[Date "1977.05.24"]
[Round "2"]
[White "Kagan, Shimon"]
[Black "Kraidman, Yair"]
[Result "1/2-1/2"]
[WhiteElo "2440"]
[BlackElo "2475"]
[EventDate "1977.05.20"]
[PlyCount "51"]
[Source "ChessBase"]

1.e4 e5 2.Nf3 Nc6 3.Bb5 a6 4.Bxc6 dxc6 5.O-O Qd6 6.d3 f6 7.Nbd2 Be6 8.b3 
Ne7 9.a4 Ng6 10.Nc4 Qd7 11.Be3 c5 12.a5 Be7 13.Nfd2 O-O 14.f3 Rfb8 15.g3 
b5 16.axb6 cxb6 17.Ra2 Bd8 18.Qe2 Bc7 19.Rfa1 a5 20.Nb1 Ne7 21.Nc3 Nc6 22.
Nb5 Nb4 23.Nxc7 Qxc7 24.Ra3 Rb7 25.f4 exf4 26.Bxf4 1/2-1/2

[Event "14th Israeli intl it"]
[Site "Netanya ISR"]
[Date "1977.05.24"]
[Round "2"]
[White "Keene, Raymond Dennis"]
[Black "Dzindzichashvili, Roman"]
[Result "1/2-1/2"]
[WhiteElo "2510"]
[BlackElo "2535"]
[EventDate "1977.05.20"]
[PlyCount "28"]
[Source "ChessBase"]

1.c4 e5 2.Nc3 Nf6 3.Nf3 Nc6 4.e3 Bb4 5.Qc2 Bxc3 6.Qxc3 Qe7 7.a3 a5 8.b4 
axb4 9.axb4 Rxa1 10.Qxa1 Nxb4 11.Qxe5 Qxe5 12.Nxe5 d6 13.Nd3 Nxd3+ 14.Bxd3
Ke7 1/2-1/2

[Event "14th Israeli intl it"]
[Site "Netanya ISR"]
[Date "1977.05.24"]
[Round "2"]
[White "Radashkovich, Itchak"]
[Black "Birnboim, Nathan"]
[Result "1/2-1/2"]
[WhiteElo "2435"]
[BlackElo "2440"]
[EventDate "1977.05.20"]
[PlyCount "75"]
[Source "ChessBase"]

1.d4 Nf6 2.Nf3 g6 3.g3 Bg7 4.Bg2 O-O 5.O-O d5 6.c4 c6 7.cxd5 cxd5 8.Ne5 
Ng4 9.Nxg4 Bxg4 10.Nc3 Nc6 11.h3 Be6 12.e3 Rc8 13.Bd2 Qd7 14.Kh2 f6 15.b4 
Nxb4 16.Qb3 Nc6 17.Bxd5 Bxd5 18.Nxd5 Kh8 19.Nf4 b6 20.Ne6 Rfe8 21.Rac1 Ne5
22.f4 Rxc1 23.Bxc1 Nc6 24.Bd2 Nd8 25.Nxg7 Kxg7 26.Rc1 Nb7 27.Bb4 Nd6 28.
Bxd6 exd6 29.d5 Rc8 30.Rxc8 Qxc8 31.Qa4 Kf8 32.Kg2 Qc3 33.Kf3 Qd3 34.Qc6 
Qd1+ 35.Kf2 Qd2+ 36.Kf3 Qd1+ 37.Kf2 Qd2+ 38.Kf3 1/2-1/2

[Event "14th Israeli intl it"]
[Site "Netanya ISR"]
[Date "1977.05.25"]
[Round "3"]
[White "Birnboim, Nathan"]
[Black "Gheorghiu, Florin"]
[Result "0-1"]
[WhiteElo "2440"]
[BlackElo "2545"]
[EventDate "1977.05.20"]
[PlyCount "80"]
[Source "ChessBase"]

1.e4 c5 2.c3 d5 3.exd5 Qxd5 4.d4 Nf6 5.Nf3 e6 6.Bd3 cxd4 7.cxd4 Nc6 8.O-O 
Be7 9.Nc3 Qd8 10.Be3 O-O 11.Rc1 Nb4 12.Ne5 Nxd3 13.Qxd3 Bd7 14.d5 Bc8 15.
dxe6 Bxe6 16.Qb5 Qd6 17.Rfd1 Qb4 18.a3 Qb3 19.Re1 a6 20.Qxb3 Bxb3 21.Bb6 
Rfe8 22.Nf3 Nd7 23.Be3 Rac8 24.Nd4 Nc5 25.Ne4 Nxe4 26.Nxb3 Bf6 27.Bd4 Rxc1
28.Rxc1 Nd2 29.Nxd2 Bxd4 30.Rc2 Re1+ 31.Nf1 g6 32.Rd2 Be5 33.b3 b5 34.a4 
b4 35.g3 Rb1 36.Rd5 Bc3 37.Ra5 Rxb3 38.Rxa6 Ra3 39.a5 b3 40.Rb6 b2 0-1

[Event "14th Israeli intl it"]
[Site "Netanya ISR"]
[Date "1977.05.25"]
[Round "3"]
[White "Dzindzichashvili, Roman"]
[Black "Kagan, Shimon"]
[Result "1-0"]
[WhiteElo "2535"]
[BlackElo "2440"]
[EventDate "1977.05.20"]
[PlyCount "95"]
[Source "ChessBase"]

1.d4 g6 2.e4 Bg7 3.Nc3 d6 4.Nf3 c6 5.Bf4 Bg4 6.Qd2 Qa5 7.Be2 Nd7 8.O-O e5 
9.dxe5 dxe5 10.Be3 Ngf6 11.Rfd1 O-O 12.h3 Bxf3 13.Bxf3 Rfd8 14.Nd5 Qxd2 
15.Nxf6+ Nxf6 16.Bxd2 Bf8 17.Be3 c5 18.g4 Be7 19.g5 Ne8 20.Rd5 Nc7 21.Rxe5
Bd6 22.Rxc5 Bxc5 23.Bxc5 Ne6 24.Be3 Rac8 25.c3 Nc5 26.Bd4 Ne6 27.Bg4 b6 
28.Kf1 Nxg5 29.Bxc8 Rxc8 30.e5 Nxh3 31.Be3 g5 32.Rd1 Nf4 33.Rd7 Ra8 34.
Bxf4 gxf4 35.Kg2 Re8 36.Rxa7 Rxe5 37.Kf3 Rb5 38.b4 Kg7 39.Rb7 Rh5 40.Rxb6 
Rh3+ 41.Kxf4 Rxc3 42.a4 f6 43.a5 Ra3 44.a6 h5 45.b5 Kg6 46.Rb8 h4 47.Rg8+ 
Kf7 48.Rh8 1-0

[Event "14th Israeli intl it"]
[Site "Netanya ISR"]
[Date "1977.05.25"]
[Round "3"]
[White "Lederman, Leon"]
[Black "Keene, Raymond Dennis"]
[Result "1/2-1/2"]
[WhiteElo "2415"]
[BlackElo "2510"]
[EventDate "1977.05.20"]
[PlyCount "42"]
[Source "ChessBase"]

1.e4 g6 2.d4 Bg7 3.Nc3 d6 4.f4 Nc6 5.Be3 Nf6 6.Nf3 O-O 7.e5 Ng4 8.Bg1 dxe5
9.dxe5 f6 10.Bc4+ Kh8 11.h3 Nh6 12.exf6 exf6 13.Bc5 Re8+ 14.Kf2 Bd7 15.Re1
b6 16.Ba3 Na5 17.Bf1 c5 18.b3 Nf5 19.Bb2 Nc6 20.Qd2 Nfd4 21.Nxd4 Nxd4 
1/2-1/2

[Event "14th Israeli intl it"]
[Site "Netanya ISR"]
[Date "1977.05.25"]
[Round "3"]
[White "Liberzon, Vladimir"]
[Black "Radashkovich, Itchak"]
[Result "1/2-1/2"]
[WhiteElo "2550"]
[BlackElo "2435"]
[EventDate "1977.05.20"]
[PlyCount "41"]
[Source "ChessBase"]

1.e4 c5 2.Nf3 Nc6 3.d4 cxd4 4.Nxd4 Nf6 5.Nc3 e5 6.Ndb5 d6 7.Bg5 a6 8.Na3 
b5 9.Bxf6 gxf6 10.Nd5 f5 11.exf5 Bxf5 12.c3 Be6 13.Nc2 Bxd5 14.Qxd5 Ne7 
15.Qd2 Bg7 16.g3 d5 17.Bg2 Qd6 18.O-O f5 19.a4 O-O 20.Qe2 Qc5 21.Rfd1 
1/2-1/2

[Event "14th Israeli intl it"]
[Site "Netanya ISR"]
[Date "1977.05.26"]
[Round "4"]
[White "Boehm, Hans"]
[Black "Birnboim, Nathan"]
[Result "0-1"]
[WhiteElo "2445"]
[BlackElo "2440"]
[EventDate "1977.05.20"]
[PlyCount "156"]
[Source "ChessBase"]

1.e4 c5 2.Nf3 Nc6 3.Bb5 g6 4.O-O Bg7 5.Re1 Nf6 6.c3 O-O 7.d4 cxd4 8.cxd4 
d5 9.e5 Ne4 10.Nc3 Nxc3 11.bxc3 Na5 12.Bg5 Bd7 13.Qa4 Nc6 14.Rab1 f6 15.
Bf4 a6 16.Bxc6 Bxc6 17.Qa3 g5 18.exf6 exf6 19.Bg3 Re8 20.h4 h6 21.hxg5 
hxg5 22.Rxe8+ Qxe8 23.Re1 Qd7 24.Bd6 Re8 25.Rxe8+ Qxe8 26.Qc1 Qe6 27.Bc5 
Qe2 28.Qe3 Bb5 29.Nd2 Kf7 30.Qxe2 Bxe2 31.f3 g4 32.Kf2 gxf3 33.gxf3 Bb5 
34.Ke3 Ke6 35.f4 Bh6 36.a3 Ba4 37.Nf3 Bc2 38.Nh2 Kf5 39.Bd6 b6 40.Kd2 Ba4 
41.Ke3 Bd1 42.Nf1 Ke6 43.Bc7 b5 44.Kd2 Bh5 45.Ne3 Bg6 46.Ng4 Bf8 47.Bd8 
Bxa3 48.Nxf6 Bd6 49.Ng4 Bxf4+ 50.Ne3 Be4 51.Ke2 Bd6 52.Ba5 Kd7 53.Ng4 Kc6 
54.Ne5+ Kb7 55.Nd7 Kc6 56.Ne5+ Kb7 57.Nd7 Bf5 58.Nc5+ Ka7 59.Ke3 Bc8 60.
Nd3 Kb8 61.Ne5 Be6 62.Nc6+ Kc8 63.Nb4 Kb7 64.Kf3 Bb8 65.Ke3 Bd6 66.Kf3 Bd7
67.Ke3 Bc6 68.Kf3 Bb8 69.Ke3 Ba7 70.Nd3 Bb6 71.Nc5+ Ka7 72.Bb4 a5 73.Ba3 
Bc7 74.Kf3 Bd6 75.Kg4 Bd7+ 76.Kg5 Bh3 77.Kf6 Kb6 78.Kf7 Bg3 0-1

[Event "14th Israeli intl it"]
[Site "Netanya ISR"]
[Date "1977.05.26"]
[Round "4"]
[White "Gheorghiu, Florin"]
[Black "Liberzon, Vladimir"]
[Result "1/2-1/2"]
[WhiteElo "2545"]
[BlackElo "2550"]
[EventDate "1977.05.20"]
[PlyCount "28"]
[Source "ChessBase"]

1.d4 d5 2.c4 e6 3.Nc3 Be7 4.Nf3 Nf6 5.Bg5 h6 6.Bh4 O-O 7.e3 b6 8.Be2 Bb7 
9.Bxf6 Bxf6 10.cxd5 exd5 11.Qb3 c6 12.O-O Re8 13.Rad1 Nd7 14.Rfe1 Nf8 
1/2-1/2

[Event "14th Israeli intl it"]
[Site "Netanya ISR"]
[Date "1977.05.26"]
[Round "4"]
[White "Kagan, Shimon"]
[Black "Lederman, Leon"]
[Result "0-1"]
[WhiteElo "2440"]
[BlackElo "2415"]
[EventDate "1977.05.20"]
[PlyCount "100"]
[Source "ChessBase"]

1.e4 e6 2.d4 d5 3.Nd2 Nc6 4.Ngf3 Nf6 5.e5 Nd7 6.Bb5 a6 7.Bxc6 bxc6 8.O-O 
c5 9.dxc5 Nxc5 10.b3 Be7 11.Ba3 Bb7 12.Qe2 O-O 13.c4 Nd7 14.Bxe7 Qxe7 15.
Rfe1 Rfe8 16.Qe3 c5 17.Rac1 a5 18.a4 d4 19.Qd3 Reb8 20.Ne4 Ra6 21.Re2 Rb6 
22.Ned2 Nf8 23.g3 Qc7 24.h4 h6 25.Kh2 Nd7 26.Rce1 Ba8 27.h5 Rb4 28.Nh4 
R8b6 29.f4 Qb8 30.Rb1 Bc6 31.Ree1 Nf8 32.Nhf3 g6 33.hxg6 fxg6 34.Nh4 Kg7 
35.Rg1 g5 36.fxg5 hxg5 37.Nf5+ exf5 38.Qxf5 Ba8 39.Qxg5+ Ng6 40.g4 Qxe5+ 
41.Qxe5+ Nxe5 42.Kg3 Rg6 43.Kf4 Nd3+ 44.Kg3 Rbb6 45.Rbf1 Rge6 46.Rf5 Re3+ 
47.Kh4 Ne5 48.g5 Bc6 49.Rg3 Re2 50.Nf1 Re4+ 0-1

[Event "14th Israeli intl it"]
[Site "Netanya ISR"]
[Date "1977.05.26"]
[Round "4"]
[White "Radashkovich, Itchak"]
[Black "Kraidman, Yair"]
[Result "1/2-1/2"]
[WhiteElo "2435"]
[BlackElo "2475"]
[EventDate "1977.05.20"]
[PlyCount "114"]
[Source "ChessBase"]

1.d4 Nf6 2.c4 c5 3.d5 d6 4.Nc3 g6 5.Nf3 Bg7 6.g3 O-O 7.Bg2 a6 8.a4 Nbd7 9.
O-O Rb8 10.e4 Ne8 11.Bf4 Ne5 12.Nxe5 Bxe5 13.Bh6 Ng7 14.f4 Bd4+ 15.Kh1 Qb6
16.Qc2 Bd7 17.Bg5 Bf6 18.Bxf6 exf6 19.Rfe1 Rfe8 20.Re2 Re7 21.Rae1 Rbe8 
22.Bf3 h5 23.b3 Bg4 24.Bxg4 hxg4 25.Nd1 Qb4 26.Nf2 Nh5 27.Nxg4 f5 28.Nf2 
fxe4 29.Nxe4 f5 30.Nf6+ Nxf6 31.Rxe7 Qxe1+ 32.Rxe1 Rxe1+ 33.Kg2 Ne4 34.a5 
Re3 35.Qd1 Nf6 36.Qa1 Ne4 37.Qa4 Re2+ 38.Kf1 Rxh2 39.Qe8+ Kg7 40.Qe7+ Kh6 
41.Qf8+ Kh7 42.Qf7+ Kh6 43.Qf8+ Kh7 44.Qf7+ Kh6 45.Qxb7 Rb2 46.Qb8 Rf2+ 
47.Ke1 Kh5 48.Qe8 Ra2 49.Kd1 Nc3+ 50.Kc1 Ne2+ 51.Kb1 Nc3+ 52.Kc1 Ne2+ 53.
Kd1 Nc3+ 54.Ke1 Ne4 55.Qe6 Kg4 56.Kd1 Nc3+ 57.Kc1 Ne2+ 1/2-1/2

[Event "14th Israeli intl it"]
[Site "Netanya ISR"]
[Date "1977.05.28"]
[Round "5"]
[White "Dzindzichashvili, Roman"]
[Black "Radashkovich, Itchak"]
[Result "1-0"]
[WhiteElo "2535"]
[BlackElo "2435"]
[EventDate "1977.05.20"]
[PlyCount "129"]
[Source "ChessBase"]

1.Nf3 Nf6 2.g3 b6 3.Bg2 Bb7 4.O-O e6 5.d3 d5 6.Nbd2 Be7 7.e4 O-O 8.e5 Ne8 
9.Re1 c5 10.c3 Nc6 11.Nf1 Nc7 12.h4 f5 13.exf6 Bxf6 14.d4 Re8 15.Ne3 cxd4 
16.cxd4 Nb5 17.Kh2 Nd6 18.Ng4 Nf5 19.Bg5 Bxg5 20.hxg5 Nd6 21.Bf1 Ne4 22.g6
hxg6 23.Bb5 Rf8 24.Bxc6 Bxc6 25.Nfe5 Be8 26.Kg2 Rc8 27.Rc1 g5 28.Rh1 Nf6 
29.Qd3 g6 30.Rxc8 Qxc8 31.Nxf6+ Rxf6 32.g4 Qc7 33.Qh3 Qg7 34.Rc1 Rf8 35.
Qe3 Qe7 36.Rc8 Bf7 37.Rxf8+ Kxf8 38.Nf3 Qf6 39.Qxg5 Ke7 40.Kg3 Qxg5 41.
Nxg5 Be8 42.Kf4 Kf6 43.Nf3 Bb5 44.g5+ Ke7 45.Ke5 Bd3 46.Ng1 Bf1 47.a3 b5 
48.b4 Bd3 49.Nh3 Bc2 50.Nf4 Bf5 51.f3 a6 52.Ne2 Bd3 53.Nc1 Bc2 54.f4 Kd7 
55.f5 Bxf5 56.Nb3 Ke7 57.Nc5 Bg4 58.Nxa6 Kd7 59.Nc5+ Ke7 60.a4 bxa4 61.
Nxa4 Kd7 62.Nc5+ Kc6 63.Nxe6 Bf3 64.Nf4 Be4 65.Nxd5 1-0

[Event "14th Israeli intl it"]
[Site "Netanya ISR"]
[Date "1977.05.28"]
[Round "5"]
[White "Keene, Raymond Dennis"]
[Black "Kagan, Shimon"]
[Result "1/2-1/2"]
[WhiteElo "2510"]
[BlackElo "2440"]
[EventDate "1977.05.20"]
[PlyCount "80"]
[Source "ChessBase"]

1.b3 Nf6 2.Bb2 d5 3.Nf3 e6 4.c4 Be7 5.cxd5 exd5 6.e3 O-O 7.Be2 a5 8.Nc3 
Na6 9.O-O c6 10.Rc1 Bg4 11.Nd4 Bxe2 12.Qxe2 Re8 13.d3 Nc5 14.Qc2 Qd7 15.
Rfd1 Bd6 16.Nf3 Qe7 17.Re1 Ne6 18.Ne2 Bb4 19.Red1 Ba3 20.Ng3 g6 21.Rb1 
Bxb2 22.Qxb2 Nd7 23.a3 Ng5 24.Nxg5 Qxg5 25.Ne2 Qh4 26.Qd4 Qe7 27.Ra1 Nc5 
28.Qb2 Ra6 29.b4 axb4 30.axb4 Rxa1 31.Qxa1 Na6 32.b5 cxb5 33.Qa5 Qd7 34.
Nc3 Nc7 35.Rb1 Ra8 36.Qb4 Qc6 37.h3 Na6 38.Qd4 Nc7 39.Qb4 Na6 40.Qd4 Nc7 
1/2-1/2

[Event "14th Israeli intl it"]
[Site "Netanya ISR"]
[Date "1977.05.28"]
[Round "5"]
[White "Kraidman, Yair"]
[Black "Gheorghiu, Florin"]
[Result "1/2-1/2"]
[WhiteElo "2475"]
[BlackElo "2545"]
[EventDate "1977.05.20"]
[PlyCount "40"]
[Source "ChessBase"]

1.d4 Nf6 2.c4 e6 3.Nf3 b6 4.g3 Ba6 5.Nbd2 Bb7 6.Bg2 c5 7.O-O cxd4 8.b3 Be7
9.Bb2 O-O 10.Qc2 d6 11.Bxd4 Nbd7 12.Rad1 a6 13.Ng5 Bxg2 14.Kxg2 Rc8 15.Qd3
Qc7 16.Nde4 Nxe4 17.Nxe4 Rfd8 18.Bb2 Qc6 19.Qf3 f5 20.Nd2 Bf6 1/2-1/2

[Event "14th Israeli intl it"]
[Site "Netanya ISR"]
[Date "1977.05.29"]
[Round "6"]
[White "Birnboim, Nathan"]
[Black "Liberzon, Vladimir"]
[Result "1/2-1/2"]
[WhiteElo "2440"]
[BlackElo "2550"]
[EventDate "1977.05.20"]
[PlyCount "62"]
[Source "ChessBase"]

1.d4 Nf6 2.c4 g6 3.Nc3 d5 4.Bg5 Ne4 5.Bh4 c5 6.cxd5 Nxc3 7.bxc3 Qxd5 8.e3 
cxd4 9.Qxd4 Qxd4 10.cxd4 e6 11.Rb1 Nc6 12.Bb5 Bd7 13.Nf3 Be7 14.Bg3 a6 15.
Be2 b5 16.O-O O-O 17.Nd2 Rac8 18.a4 Na7 19.Ne4 Rfd8 20.Bd6 Bxd6 21.Nxd6 
Rb8 22.Ne4 Bc6 23.Nc5 a5 24.axb5 Bxb5 25.Bxb5 Rxb5 26.Rxb5 Nxb5 27.Ra1 Ra8
28.Kf1 Kf8 29.Ke1 Nd6 30.Kd2 Ke7 31.Kd3 Ra7 1/2-1/2

[Event "14th Israeli intl it"]
[Site "Netanya ISR"]
[Date "1977.05.29"]
[Round "6"]
[White "Boehm, Hans"]
[Black "Kraidman, Yair"]
[Result "0-1"]
[WhiteElo "2445"]
[BlackElo "2475"]
[EventDate "1977.05.20"]
[PlyCount "83"]
[Source "ChessBase"]

1.e4 e5 2.Nf3 Nc6 3.Bc4 Bc5 4.b4 Bxb4 5.c3 Ba5 6.Qb3 Qe7 7.d4 exd4 8.O-O 
Bb6 9.Ba3 d6 10.cxd4 Nxd4 11.Nxd4 Bxd4 12.Nc3 Nf6 13.Bxf7+ Qxf7 14.Qa4+ 
Bd7 15.Qxd4 O-O 16.e5 dxe5 17.Qxe5 Rfc8 18.Rad1 Bc6 19.Rd3 Re8 20.Qg5 Qg6 
21.Qxg6 hxg6 22.Rfd1 Kf7 23.f3 Re6 24.Kf2 a5 25.g4 b5 26.g5 Ne8 27.Bc5 b4 
28.Nd5 Rb8 29.Nf4 Re5 30.Rd7+ Bxd7 31.Rxd7+ Kg8 32.Ba7 Ra8 33.Nxg6 Rxg5 
34.Ne7+ Kh7 35.Be3 Rh5 36.Nd5 c6 37.Nb6 Rb8 38.Kg3 c5 39.Nc4 a4 40.h4 b3 
41.axb3 axb3 42.Bg5 0-1

[Event "14th Israeli intl it"]
[Site "Netanya ISR"]
[Date "1977.05.29"]
[Round "6"]
[White "Gheorghiu, Florin"]
[Black "Dzindzichashvili, Roman"]
[Result "1/2-1/2"]
[WhiteElo "2545"]
[BlackElo "2535"]
[EventDate "1977.05.20"]
[PlyCount "24"]
[Source "ChessBase"]

1.c4 Nf6 2.Nc3 e6 3.Nf3 b6 4.g3 Bb7 5.Bg2 Be7 6.O-O O-O 7.b3 d5 8.cxd5 
exd5 9.d4 Nbd7 10.Bb2 a6 11.Ne5 Bd6 12.f4 Ne4 1/2-1/2

[Event "14th Israeli intl it"]
[Site "Netanya ISR"]
[Date "1977.05.29"]
[Round "6"]
[White "Radashkovich, Itchak"]
[Black "Lederman, Leon"]
[Result "1/2-1/2"]
[WhiteElo "2435"]
[BlackElo "2415"]
[EventDate "1977.05.20"]
[PlyCount "54"]
[Source "ChessBase"]

1.Nf3 Nf6 2.g3 b6 3.Bg2 Bb7 4.O-O e6 5.c4 c5 6.Nc3 d6 7.b3 Be7 8.d4 cxd4 
9.Qxd4 a6 10.Ba3 O-O 11.Rfd1 Nc6 12.Qd2 d5 13.Bxe7 Nxe7 14.Qb2 Qb8 15.Rac1
Rc8 16.Qa3 Ng6 17.cxd5 Nxd5 18.Nxd5 Bxd5 19.Rxc8+ Qxc8 20.Rc1 Qd8 21.Qb4 
Ne7 22.Qf4 f6 23.Rd1 Qb8 24.Qxb8+ Rxb8 25.Ne1 Bxg2 26.Kxg2 Rc8 27.Rd6 Rc6 
1/2-1/2

[Event "14th Israeli intl it"]
[Site "Netanya ISR"]
[Date "1977.05.30"]
[Round "7"]
[White "Dzindzichashvili, Roman"]
[Black "Boehm, Hans"]
[Result "1-0"]
[WhiteElo "2535"]
[BlackElo "2445"]
[EventDate "1977.05.20"]
[PlyCount "67"]
[Source "ChessBase"]

1.c4 b6 2.Nc3 Bb7 3.Nf3 Nf6 4.d4 e6 5.a3 d5 6.cxd5 Nxd5 7.e3 Nd7 8.Bd3 
Nxc3 9.bxc3 Bd6 10.e4 c5 11.O-O Qc7 12.Re1 h6 13.a4 e5 14.Bb5 O-O-O 15.d5 
g5 16.a5 bxa5 17.Bxd7+ Rxd7 18.c4 Qd8 19.Bd2 Bc7 20.Bc3 f6 21.Nd2 h5 22.
Qa4 Bb6 23.Bxa5 h4 24.h3 Rd6 25.f3 Qc7 26.Nf1 Kd8 27.Ne3 Bc8 28.Bxb6 axb6 
29.Qa8 Rd7 30.Nf5 Ke8 31.Reb1 Rd8 32.Ra7 Bxf5 33.Rxc7 Rxa8 34.exf5 1-0

[Event "14th Israeli intl it"]
[Site "Netanya ISR"]
[Date "1977.05.30"]
[Round "7"]
[White "Keene, Raymond Dennis"]
[Black "Radashkovich, Itchak"]
[Result "1/2-1/2"]
[WhiteElo "2510"]
[BlackElo "2435"]
[EventDate "1977.05.20"]
[PlyCount "53"]
[Source "ChessBase"]

1.c4 Nf6 2.Nc3 e6 3.d4 d5 4.Bg5 Be7 5.e3 h6 6.Bh4 O-O 7.Nf3 b6 8.Qc2 Bb7 
9.Bxf6 Bxf6 10.cxd5 Bxd5 11.Nxd5 exd5 12.Be2 Qd6 13.Rc1 Re8 14.O-O c5 15.
Rfd1 Qc6 16.Bd3 Nd7 17.Bh7+ Kh8 18.Bf5 Qc8 19.Qa4 Re7 20.Bxd7 Qxd7 21.Qxd7
Rxd7 22.dxc5 Bxb2 23.Rc2 Bf6 24.e4 Rc7 25.Rxd5 Rac8 26.Nd2 Be7 27.Nb3 
1/2-1/2

[Event "14th Israeli intl it"]
[Site "Netanya ISR"]
[Date "1977.05.30"]
[Round "7"]
[White "Kraidman, Yair"]
[Black "Birnboim, Nathan"]
[Result "0-1"]
[WhiteElo "2475"]
[BlackElo "2440"]
[EventDate "1977.05.20"]
[PlyCount "62"]
[Source "ChessBase"]

1.d4 Nf6 2.c4 g6 3.Nc3 d5 4.Nf3 Bg7 5.Bf4 O-O 6.Rc1 dxc4 7.e3 Be6 8.Be2 c5
9.O-O Nd5 10.Nxd5 Bxd5 11.Bxc4 cxd4 12.Bc7 Qd7 13.Nxd4 Bxc4 14.Rxc4 Nc6 
15.Bg3 Rfd8 16.Qe1 Bxd4 17.exd4 Rac8 18.h3 Nxd4 19.Rxc8 Rxc8 20.Be5 Rc1 
21.Qxc1 Ne2+ 22.Kh2 Nxc1 23.Rxc1 Qd5 24.Bc3 Qxa2 25.Rd1 f6 26.Rd7 Qa6 27.
f4 Kf8 28.Bb4 Qc4 29.Rxb7 Qxf4+ 30.Kh1 Qc1+ 31.Kh2 Qc8 0-1

[Event "14th Israeli intl it"]
[Site "Netanya ISR"]
[Date "1977.05.30"]
[Round "7"]
[White "Lederman, Leon"]
[Black "Gheorghiu, Florin"]
[Result "0-1"]
[WhiteElo "2415"]
[BlackElo "2545"]
[EventDate "1977.05.20"]
[PlyCount "68"]
[Source "ChessBase"]

1.e4 c5 2.Nf3 e6 3.d4 cxd4 4.Nxd4 a6 5.Bd3 Nf6 6.O-O d6 7.c4 Be7 8.Nc3 O-O
9.Kh1 b6 10.f4 Bb7 11.Qe2 Nc6 12.Nf3 Nd7 13.Be3 Nc5 14.Rfd1 Qc7 15.Rac1 
Bf6 16.Bb1 Rac8 17.a3 Bxc3 18.Rxc3 a5 19.e5 Rfd8 20.Bxh7+ Kxh7 21.Ng5+ Kg8
22.Qh5 dxe5 23.Rf1 Nd4 24.Qh7+ Kf8 25.Qh8+ Ke7 26.Qxg7 Rf8 27.fxe5 Nf5 28.
Qf6+ Ke8 29.Rxf5 exf5 30.Bxc5 bxc5 31.e6 Qe7 32.exf7+ Rxf7 33.Qh8+ Rf8 34.
Qh5+ Kd7 0-1

[Event "14th Israeli intl it"]
[Site "Netanya ISR"]
[Date "1977.05.31"]
[Round "8"]
[White "Birnboim, Nathan"]
[Black "Dzindzichashvili, Roman"]
[Result "1-0"]
[WhiteElo "2440"]
[BlackElo "2535"]
[EventDate "1977.05.20"]
[PlyCount "59"]
[Source "ChessBase"]

1.d4 Nf6 2.c4 g6 3.Nc3 Bg7 4.e4 d6 5.Nf3 O-O 6.Be2 Bg4 7.Be3 Nfd7 8.Ng1 
Bxe2 9.Ngxe2 c5 10.O-O Nc6 11.d5 Na5 12.b3 a6 13.Rb1 Nf6 14.Qd3 Ng4 15.Bg5
Ne5 16.Qh3 Re8 17.f4 Nd7 18.Qh4 b5 19.e5 f6 20.Bh6 f5 21.Rf3 b4 22.Rh3 Nf8
23.Bxg7 Kxg7 24.Qh6+ Kg8 25.Ne4 fxe4 26.e6 Nc6 27.f5 Ne5 28.fxg6 Ng4 29.
gxh7+ Kh8 30.Qg7+ 1-0

[Event "14th Israeli intl it"]
[Site "Netanya ISR"]
[Date "1977.05.31"]
[Round "8"]
[White "Boehm, Hans"]
[Black "Lederman, Leon"]
[Result "1/2-1/2"]
[WhiteElo "2445"]
[BlackElo "2415"]
[EventDate "1977.05.20"]
[PlyCount "83"]
[Source "ChessBase"]

1.d4 d5 2.Nf3 c5 3.dxc5 Nc6 4.c3 a5 5.Bf4 f6 6.e3 e5 7.Bg3 Bxc5 8.Bb5 Ne7 
9.O-O O-O 10.a4 Be6 11.Nbd2 Qe8 12.c4 Qf7 13.Rc1 Ba7 14.cxd5 Bxd5 15.e4 
Be6 16.Nc4 Rfd8 17.Qe1 Kh8 18.b3 Qf8 19.Qc3 Bg4 20.h3 Bxf3 21.Qxf3 Nd4 22.
Qg4 Nxb3 23.Rb1 Nc5 24.Kh1 Rd4 25.f3 Nxa4 26.Bf2 Nc3 27.Bxd4 Bxd4 28.Rb2 
a4 29.Bxa4 Rxa4 30.Rxb7 Rxc4 31.Qe6 Rc8 32.Rxe7 h6 33.Rc1 Ra8 34.Rc7 Qa3 
35.Rc8+ Rxc8 36.Qxc8+ Kh7 37.Qf5+ Kg8 38.Qc8+ Kf7 39.Qd7+ Qe7 40.Qc8 Qa3 
41.Qd7+ Kg8 42.Qc8+ 1/2-1/2